IGN Videogame of the Year - Statistics

General Stats
  • This quiz has been taken 100 times
  • The average score is 6 of 16
Answer Stats
Hint Answer % Correct
2016 Blizzard Entertainment Overwatch
77%
2013 Naughty Dog The Last of Us
70%
2015 CD Projekt RED The Witcher 3: Wild Hunt
66%
2004 Valve Corporation Half-Life 2
64%
2008 Bethesda Fallout 3
55%
2011 Valve Corporation Portal 2
55%
2009 Naughty Dog Uncharted 2: Among Thieves
49%
2010 BioWare Mass Effect 2
40%
2005 SCE Santa Monica Studio God of War
36%
2007 Nintendo Super Mario Galaxy
34%
2001 Bungie Software Halo: Combat Evolved
31%
2014 BioWare Dragon Age: Inquisition
22%
2003 BioWare Star Wars: Knights of the Old Republic
14%
2012 Thatgamecompany Journey
13%
2006 Clover Studio Okami
8%
2002 Digital Illusions CE Battlefield 1942
1%
No matching quizzes found
Score Distribution
Percent of People with Each Score
Percentile by Number Answered
Your Score History
You have not taken this quiz